AFL All Australian Team 2024 - Statistics

General Stats
  • This quiz has been taken 26 times
  • The average score is 12 of 22
Answer Stats
Hint Answer % Correct
Nick Daicos
87%
Jeremy Cameron
78%
Rucks Max Gawn
78%
Marcus Bontempelli (c)
74%
Lachie Neale
70%
Patrick Cripps (vc)
70%
Caleb Serong
65%
Isaac Heeney
65%
Jacob Weitering
61%
Zak Butters
61%
Half Forwards Chad Warner
57%
Centres Errol Gulden
57%
Jesse Hogan
57%
Half Backs Dayne Zorko
52%
Dan Houston
43%
Luke Ryan
43%
Backs Nick Blakey
43%
Dylan Moore
39%
Jeremy McGovern
39%
Forwards Jake Waterman
30%
Interchange Lachie Whitfield
30%
Adam Treloar
22%
No matching quizzes found
Score Distribution
Percent of People with Each Score
Percentile by Number Answered
Your Score History
You have not taken this quiz